1604 1751 1607 1937 1487 1084 1548 1249 1385 1009 1185 1646 1506 1202 1869 1745 1012 1148 1475 1314 1130 1217 1702 1103 1882 1855 1355 1404 1823 1658 1662 1163 1899 1294 1397 1336 1006 1206 1018 1796 1422 1967 1150 1639 1979 1664 1700 1315 1139 1972 1217 1064 1860 1933 1580 1779 1378 1780 1116 1500 1716 1735 1992 1012 1659 1668 1290 1100 1002 1027 1760 1584 1552 1666 1782 1763 1330 1913 1548 1453 1909 1084 1854 1348 1217 1438 1182 1114 1385 1401 1946 1665 1662 1598 1502 1418 1172 1609 1686 BCNSPRNW ULIB Ver.6.0+V

เปลี่ยนเป็นภาษาไทย

Change to English
 แสดงรายละเอียดบรรณานุกรม
  กลับหน้าหลัก

Brief Record : Get Marc (ISO 2709) : E-mail record : QR code < ปิดหน้าต่าง
LEADER : 00000nam 2200000uu 4500
001    13399112164
003     ULIB
008    110729s2551||||th 000 0 tha d
020    9789740439479
050 04 HD30.2^bน319ร 2551
100 0  ชยุต อินพรหม
245 10 รอนแรมบนเส้นทางสาย KM... กม.ที่ 49-50ประสบการณ์การจัดการความรู้กับแกนนำครูโรงเรียนวิถีพุทธ /^cชยุต อินพรหม
250    พิมพ์ครั้งที่ 1
260    กรุงเทพฯ :^bสถาบันเสริมสร้างการเรียนรู้เพื่อชุมชนเป็นสุข(สรส.),^c2551
300    103 หน้า :^bภาพประกอบ
650  7 การบริหารองค์ความรู้
650  7 ครู
650  7 การเรียนรู้
710 20 สถาบันเสริมสร้างการเรียนรู้เพื่อชุมชนเป็นสุข (สรส.)
945    ^p100^l0^i024330
945    ^p100^l0^i024331
995    ทศพร
999 ^a ทศพร
รายการนี้ยังไม่มีแท็ก
คุณยังไม่ได้ล็อกอิน คุณสามารถมีกิจกรรมร่วมกับเว็บไซต์ได้ แต่ต้องล็อกอินก่อน ::
  ล็อกอิน

รายการสื่อสารสนเทศ

ลำดับที่ ประเภท เลขเรียก/บาร์โค้ด สถานที่ สถานะ
1. การศึกษาทั่วไป
การศึกษาทั่วไป
HD30.2 น319ร 2551 ฉ.2 
  Barcode: 024331
ห้องสมุดวิทยาเขตนครสวรรค์
►หนังสือทั่วไป:l:General Books
บนชั้น

รายการใกล้เคียง
    หัวเรื่อง [การบริหารองค์ความรู้]
    หัวเรื่อง [ครู]
    หัวเรื่อง [การเรียนรู้]

BibComment


ยังไม่เคยถูกคอมเมนท์

คอมเมนท์ทรัพยากรรายการนี้
  คอมเมนท์: รอนแรมบนเส้นทางสา..


 Copyright 2026. Bcnsprnw @Library